书目信息 |
| 题名: |
太平天国史迹调查集
|
|
| 作者: | 罗尔纲 著 | |
| 分册: | ||
| 出版信息: | 北京 三联书店 1958.05 |
|
| 页数: | 393页 | |
| 开本: | 20cm | |
| 丛书名: | ||
| 单 册: | ||
| 中图分类: | K254.9 | |
| 科图分类: | ||
| 主题词: | 中国--历史--1840~1949 | |
| 电子资源: | ||
| ISBN: | ||
| 000 | 00575nam0 2200193 450 | |
| 001 | 0832190888 | |
| 005 | 20081007085930.77 | |
| 010 | @dCNY1.55 | |
| 091 | @a11002.182 | |
| 100 | @a20081007d1958 km y0chiy0120 ea | |
| 101 | 0 | @achi |
| 200 | 1 | @a太平天国史迹调查集@Atai ping tian guo shi ji diao cha ji@f罗尔纲著@Fluo er gang zhu |
| 210 | @a北京@c三联书店@d1958.05 | |
| 215 | @a393页@d20cm | |
| 606 | 0 | @a中国@x历史@z1840~1949 |
| 690 | @aK254.9@v4 | |
| 701 | 0 | @a罗尔纲@Aluo er gang@4著 |
| 801 | 0 | @aCN@b大连网信软件有限公司图书馆·11@c20081007 |
| 905 | @aBZT@dK254.9@e1 | |
| 太平天国史迹调查集/罗尔纲著.-北京:三联书店,1958.05 |
| 393页;20cm |
| ISBN :CNY1.55 |
| ● |
| 相关链接 |
|
|
|
正题名:太平天国史迹调查集
索取号:K254.9/1
 
预约/预借
| 序号 | 登录号 | 条形码 | 馆藏地/架位号 | 状态 | 备注 |
| 1 | 011702 | 201246936 | 中心书库南/020架A面2层4列/ [索取号:K254.9/1] | 在馆 |